| 000 | 00818nam a2200229 i 4500 | ||
|---|---|---|---|
| 001 | 91142 | ||
| 003 | ES-MaACL | ||
| 005 | 20250829062538.0 | ||
| 007 | t| | ||
| 008 | 050127s1947 sp af |||| | spa d | ||
| 080 | _a75(420)(091) | ||
| 100 | 1 |
_aLeroy, Alfred. _971795 |
|
| 245 | 1 | 0 |
_aHistoria de la pintura inglesa (800-1938) _b: su evolución, sus maestros / _cAlfred Leroy ; prefacio por André Maurois [seud.] ; [traducción de J.L.B.]. |
| 250 | _a1ª ed. | ||
| 260 |
_aBarcelona : _bLuis de Caralt, _c1947 ( _fTalleres Gráf. de la Sociedad General de Publicaciones) |
||
| 300 |
_a253 p., 32 lám. : _bil. ; _c24 cm. |
||
| 650 | 4 |
_aPintura británica- _vHistoria. _9161968 |
|
| 700 | 1 |
_aMaurois, André, _d1885-1967 _979267 |
|
| 700 | 1 |
_aJ. L. B. _965770 |
|
| 852 |
_aES-MaACL _jC-1993 |
||
| 999 |
_c91142 _d91142 |
||